[Event "Oberliga Nord N 2122"]
[Site "Germany"]
[Date "2022.05.15"]
[Round "4.4"]
[White "Wagner, Friedrich"]
[Black "Schwarz, Frank"]
[Result "0-1"]
[WhiteElo "2143"]
[BlackElo "2227"]
[PlyCount "72"]
[EventDate "2021.10.31"]
[EventType "team-tourn"]
[EventRounds "9"]
[EventCountry "GER"]
[SourceTitle "EXT 2023"]
[Source "ChessBase"]
[SourceDate "2022.10.05"]
[SourceVersion "1"]
[SourceVersionDate "2022.10.05"]
[SourceQuality "1"]
[WhiteTeam "Hamburg Koenigsspringer"]
[BlackTeam "Preetz"]
[WhiteTeamCountry "GER"]
[BlackTeamCountry "GER"]

1. c4 e6 2. Nf3 d5 3. b3 Nf6 4. g3 Be7 5. Bg2 0-0 6. 0-0 Nbd7 7. Bb2 c6 8. Nc3 b6 9. d3 Bb7 10. Qc2 Rc8 11. e4 b5 12. Qe2 a6 13. Rfe1 Qb6 14. Rad1 Rfd8 15. e5 Ne8 16. d4 bxc4 17. bxc4 dxc4 18. Qc2 Nc7 19. Nd2 Nb5 20. Nxc4 Qa7 21. Ne2 c5 22. Bxb7 Qxb7 23. Qb3 Rb8 24. a4 Nxd4 25. Qxb7 Rxb7 26. Bxd4 cxd4 27. Nxd4 Rc7 28. Na5 Rdc8 29. Nac6 Bf8 30. Re2 Nc5 31. Nb4 Nxa4 32. Nxa6 Ra7 33. Ra1 Rxa6 34. Raa2 Rca8 35. Nb3 Nc5 36. Rxa6 Rxa6 0-1

[Event "DEN-chT 2122 59th"]
[Site "Denmark"]
[Date "2022.01.16"]
[Round "4.1"]
[White "Olsen, Filip Boe"]
[Black "Schwarz, Frank"]
[Result "1-0"]
[WhiteElo "2357"]
[BlackElo "2224"]
[PlyCount "73"]
[EventDate "2021.10.30"]
[EventType "team-tourn"]
[EventRounds "9"]
[EventCountry "DEN"]
[SourceTitle "EXT 2023"]
[Source "ChessBase"]
[SourceDate "2022.10.05"]
[SourceVersion "1"]
[SourceVersionDate "2022.10.05"]
[SourceQuality "1"]
[WhiteTeam "Skanderborg Nordea"]
[BlackTeam "Fredericia"]
[WhiteTeamCountry "DEN"]
[BlackTeamCountry "DEN"]

1. d4 Nf6 2. c4 e6 3. Nc3 d5 4. cxd5 exd5 5. Bg5 Be7 6. e3 c6 7. Qc2 Nbd7 8. Bd3 Nf8 9. Nge2 Ne6 10. Bh4 g6 11. 0-0 0-0 12. Rab1 Ng7 13. b4 a6 14. a4 Bf5 15. b5 axb5 16. axb5 Bxd3 17. Qxd3 Nf5 18. Bxf6 Bxf6 19. Rfc1 Ra3 20. Qd1 Qa5 21. Ra1 Ra8 22. Rxa3 Qxa3 23. Nb1 Qd6 24. Qb3 Rc8 25. Nbc3 Ne7 26. Na4 Kg7 27. h3 Ra8 28. Nc5 Qc7 29. Nf4 Kg8 30. Nfd3 Nf5 31. Nb4 Ra5 32. bxc6 bxc6 33. Ncd3 Bg5 34. Nxc6 Nxe3 35. Nxa5 Qxa5 36. Qb8+ Kg7 37. Qe5+ 1-0

[Event "DEN-chT 2122 59th"]
[Site "Denmark"]
[Date "2021.10.30"]
[Round "1.5"]
[White "Schwarz, Frank"]
[Black "Hammer, Jon Ludvig"]
[Result "0-1"]
[WhiteElo "2224"]
[BlackElo "2608"]
[PlyCount "92"]
[EventDate "2021.10.30"]
[EventType "team-tourn"]
[EventRounds "9"]
[EventCountry "DEN"]
[SourceTitle "CBM 204 Extra"]
[Source "ChessBase"]
[SourceDate "2021.11.30"]
[SourceVersion "1"]
[SourceVersionDate "2021.11.30"]
[SourceQuality "1"]
[WhiteTeam "Fredericia"]
[BlackTeam "Koge Xtracon"]
[WhiteTeamCountry "DEN"]
[BlackTeamCountry "DEN"]

1. c4 g6 2. g3 c5 3. Bg2 Bg7 4. e3 Nc6 5. Ne2 e5 6. a3 a5 7. Nbc3 Nge7 8. d3 0-0 9. 0-0 d6 10. Rb1 Rb8 11. h3 Be6 12. e4 Qd7 13. Kh2 f5 14. f3 f4 15. g4 g5 16. Bd2 h5 17. Nb5 Kf7 18. Nec3 Rh8 19. Kg1 Ng6 20. Be1 Rh6 21. Nd5 Bxd5 22. exd5 Nd4 23. Nc3 Bf6 24. b4 axb4 25. axb4 cxb4 26. Rxb4 Bd8 27. Ne4 b5 28. cxb5 Kg7 29. Bf2 hxg4 30. hxg4 Bb6 31. Re1 Ne7 32. Rxd4 exd4 33. Qa4 Kf8 34. Nxg5 Nxd5 35. Re4 Rg6 36. Nh3 Re6 37. Qb3 Rxe4 38. dxe4 Ne3 39. Nxf4 Qf7 40. Ne6+ Kg8 41. Bh3 Rc8 42. g5 d3 43. g6 Qxg6+ 44. Ng5+ Kf8 45. Bxc8 Qxg5+ 46. Bg4 d2 0-1

[Event "GER-ch rapid 46th"]
[Site "Plochingen"]
[Date "2020.09.19"]
[Round "4"]
[White "Schwarz, Frank"]
[Black "Reichmann, Hendrik"]
[Result "1/2-1/2"]
[WhiteElo "2231"]
[BlackElo "2348"]
[PlyCount "24"]
[EventDate "2020.09.19"]
[EventType "swiss"]
[EventRounds "9"]
[EventCountry "GER"]
[SourceTitle "CBM 198 Extra"]
[Source "ChessBase"]
[SourceDate "2020.11.30"]
[SourceVersion "1"]
[SourceVersionDate "2020.11.30"]
[SourceQuality "1"]

1. e4 g6 2. f4 Bg7 3. Nf3 d5 4. Nc3 dxe4 5. Nxe4 Nf6 6. Nf2 0-0 7. Bc4 Nc6 8. d4 Ng4 9. c3 Nxf2 10. Kxf2 Bg4 11. Be3 Na5 12. Be2 Qd5 1/2-1/2

[Event "GER Cup Net V4 U2400"]
[Site "Playchess.com INT"]
[Date "2020.05.31"]
[Round "5"]
[White "Arnold, Max"]
[Black "Schwarz, Frank"]
[Result "1/2-1/2"]
[WhiteElo "2200"]
[BlackElo "2048"]
[PlyCount "143"]
[EventDate "2020.05.31"]
[EventType "swiss (blitz)"]
[EventRounds "9"]
[EventCountry "GER"]
[SourceTitle "EXT 2021"]
[Source "ChessBase"]
[SourceDate "2020.10.23"]
[SourceVersion "1"]
[SourceVersionDate "2020.10.23"]
[SourceQuality "1"]

1. Nf3 d5 2. g3 Nf6 3. Bg2 Bf5 4. 0-0 e6 5. d4 h6 6. c4 c6 7. Qb3 Qb6 8. c5 Qa6 9. Re1 b6 10. cxb6 axb6 11. Nc3 Nbd7 12. Bf4 Be7 13. Ne5 Nxe5 14. dxe5 Nd7 15. e4 Nc5 16. Qd1 dxe4 17. Nxe4 Nxe4 18. Bxe4 Bxe4 19. Rxe4 0-0 20. Qg4 Kh7 21. a3 Rad8 22. Be3 c5 23. Qh5 Qd3 24. Rg4 Qf5 25. Qxf5+ exf5 26. Rc4 Rd5 27. f4 b5 28. Rcc1 c4 29. Kf2 Rfd8 30. Ke2 Rd3 31. a4 Rb3 32. Rc2 bxa4 33. Rxa4 Rdd3 34. Bf2 c3 35. bxc3 Rdxc3 36. Rxc3 Rxc3 37. Be3 Rc7 38. h4 g6 39. Ra7 Rxa7 40. Bxa7 g5 41. hxg5 hxg5 42. Be3 Kg6 43. Kf3 g4+ 44. Kg2 Bb4 45. Bd4 Kh7 46. Be3 Kg8 47. Bd4 Kf8 48. Be3 Ke8 49. Bd4 Kd7 50. Be3 Ke6 51. Bd4 Kd5 52. Bb6 Ke4 53. Ba7 Bd2 54. Bb6 Be3 55. Ba5 Bd4 56. Bb4 Kd5 57. Ba5 Kc4 58. Bc7 Kd3 59. Bd6 Ke4 60. Bc7 Be3 61. Bd6 Bb6 62. Bb8 Kd5 63. Bd6 Ke6 64. Bb8 Bd4 65. Bd6 Ba7 66. Bc7 Bc5 67. Bb8 Bb6 68. Kh2 f6 69. exf6 Kxf6 70. Be5+ Ke6 71. Kg2 Kd5 72. Bf6 1/2-1/2

[Event "GER Cup Net V4 U2400"]
[Site "Playchess.com INT"]
[Date "2020.05.31"]
[Round "4"]
[White "Thiede, Lars"]
[Black "Schwarz, Frank"]
[Result "1-0"]
[WhiteElo "1620"]
[BlackElo "2048"]
[PlyCount "145"]
[EventDate "2020.05.31"]
[EventType "swiss (blitz)"]
[EventRounds "9"]
[EventCountry "GER"]
[SourceTitle "EXT 2021"]
[Source "ChessBase"]
[SourceDate "2020.10.23"]
[SourceVersion "1"]
[SourceVersionDate "2020.10.23"]
[SourceQuality "1"]

1. c4 e5 2. g3 Nf6 3. Bg2 d5 4. cxd5 Nxd5 5. Nf3 Nc6 6. 0-0 Be7 7. d4 e4 8. Ne5 Nf6 9. Nxc6 bxc6 10. Nc3 Bf5 11. Qa4 Qd7 12. Bg5 0-0 13. Rfd1 Rab8 14. Bxf6 Bxf6 15. Nxe4 Bxe4 16. Bxe4 Rxb2 17. Bxc6 Qd6 18. Bf3 Qb6 19. e3 g6 20. Rac1 Be7 21. Rc6 Qb8 22. Bd5 Bd6 23. Bb3 Qe8 24. Qc4 Qe4 25. Qc3 Rb1 26. Rxb1 Qxb1+ 27. Qc1 Qe4 28. Qc2 Qf3 29. Ra6 Kg7 30. Rxa7 h5 31. Qd1 Qf5 32. h4 Re8 33. Kg2 Re7 34. Qf3 Qb5 35. Ra8 c5 36. dxc5 Bxc5 37. Qd5 Qb6 38. Qd8 Qxd8 39. Rxd8 Rc7 40. Bd5 Be7 41. Rb8 Rc2 42. Rb7 Kf8 43. Bb3 Rd2 44. Kf3 f5 45. Rb6 Kg7 46. Rc6 Bd6 47. Rc2 Rxc2 48. Bxc2 Kf6 49. e4 fxe4+ 50. Kxe4 g5 51. Bd1 gxh4 52. gxh4 Kg6 53. Kf3 Be7 54. Kg3 Bd6+ 55. f4 Kf5 56. Bc2+ Kf6 57. a4 Bc7 58. Bd1 Kg6 59. Kf3 Bd8 60. Bc2+ Kf6 61. Ke4 Bc7 62. Bd1 Kg6 63. f5+ Kh6 64. Kd5 Bd8 65. Ke6 Bxh4 66. a5 Bf2 67. f6 Bc5 68. a6 h4 69. Bg4 Kg6 70. Bh3 Bb6 71. f7 Kg7 72. Ke7 Bc5+ 73. Ke8 1-0

[Event "GER Cup Net V3 U2400"]
[Site "Playchess.com INT"]
[Date "2020.05.27"]
[Round "6"]
[White "Namyslo, Holger"]
[Black "Schwarz, Frank"]
[Result "1-0"]
[WhiteElo "1958"]
[BlackElo "2055"]
[PlyCount "135"]
[EventDate "2020.05.27"]
[EventType "swiss (blitz)"]
[EventRounds "9"]
[EventCountry "GER"]
[SourceTitle "EXT 2021"]
[Source "ChessBase"]
[SourceDate "2020.10.23"]
[SourceVersion "1"]
[SourceVersionDate "2020.10.23"]
[SourceQuality "1"]

1. e4 c5 2. Nf3 e6 3. c3 Nf6 4. e5 Nd5 5. d4 cxd4 6. cxd4 Nc6 7. Nc3 d6 8. Bd3 dxe5 9. dxe5 Nxc3 10. bxc3 Be7 11. 0-0 0-0 12. Qe2 Qa5 13. Bd2 Rd8 14. Rfd1 b6 15. Qe4 Rxd3 16. Qxd3 Ba6 17. Qe4 Rc8 18. Nd4 Nxe5 19. c4 Qc5 20. Nb3 Qc7 21. Bf4 Bf6 22. Rac1 Bb7 23. Qe2 Qc6 24. f3 Nxc4 25. Kh1 b5 26. Nd4 Qb6 27. Nb3 a6 28. Bg3 h6 29. Bf2 Qc6 30. Bd4 e5 31. Bf2 Qe6 32. Nc5 Qe7 33. Nxb7 Qxb7 34. Qe4 Qxe4 35. fxe4 Bg5 36. Rc2 g6 37. h4 Bf6 38. Rd7 Kg7 39. Ra7 Rc6 40. Kh2 Rd6 41. g4 g5 42. hxg5 hxg5 43. Bg3 Rd3 44. Rxa6 Ne3 45. Rcc6 Nxg4+ 46. Kg2 Be7 47. Kh3 Nf6 48. Kg2 Nxe4 49. Bxe5+ Kg8 50. Rh6 f6 51. Ba1 Rd2+ 52. Kf3 Nd6 53. Ra8+ Kg7 54. Rhh8 Rd3+ 55. Ke2 Rd5 56. Rag8+ Kf7 57. Ra8 Ke6 58. Rh7 Nf5 59. Ra7 Rd7 60. Ra6+ Kd5 61. Bxf6 Bxf6 62. Rxd7+ Ke5 63. Rf7 Nd4+ 64. Kd3 g4 65. Rfxf6 Nf5 66. Rg6 g3 67. Raf6 Kf4 68. Rxf5+ 1-0

[Event "GER Cup Net V3 U2400"]
[Site "Playchess.com INT"]
[Date "2020.05.27"]
[Round "4"]
[White "Schwarz, Frank"]
[Black "Eilenberg, Jonas"]
[Result "1-0"]
[WhiteElo "2021"]
[BlackElo "2173"]
[PlyCount "45"]
[EventDate "2020.05.27"]
[EventType "swiss (blitz)"]
[EventRounds "9"]
[EventCountry "GER"]
[SourceTitle "EXT 2021"]
[Source "ChessBase"]
[SourceDate "2020.10.23"]
[SourceVersion "1"]
[SourceVersionDate "2020.10.23"]
[SourceQuality "1"]

1. d4 e6 2. Nf3 d5 3. e3 Nf6 4. Bd3 Bd6 5. Nbd2 0-0 6. b3 Nbd7 7. Bb2 b6 8. Ne5 Bb7 9. Qf3 c5 10. g4 Qc7 11. Nxd7 Nxd7 12. Qh3 g6 13. 0-0 Rac8 14. Nf3 Nf6 15. dxc5 Ne4 16. cxd6 Qxd6 17. Bxe4 dxe4 18. Ng5 h5 19. gxh5 Qd5 20. Qh4 Rc5 21. Bf6 Qf5 22. hxg6 Qxg6 23. Qh8# 1-0

[Event "GER-ch Net Amateur Gr-A Final"]
[Site "Playchess.com INT"]
[Date "2020.04.18"]
[Round "9"]
[White "Schwarz, Frank"]
[Black "Cofman, Veaceslav"]
[Result "1-0"]
[WhiteElo "2033"]
[BlackElo "2197"]
[PlyCount "87"]
[EventDate "2020.04.18"]
[EventType "swiss (blitz)"]
[EventRounds "13"]
[EventCountry "GER"]
[SourceTitle "CBM 195 Extra"]
[Source "ChessBase"]
[SourceDate "2020.05.31"]
[SourceVersion "1"]
[SourceVersionDate "2020.05.31"]
[SourceQuality "1"]

1. c4 e5 2. g3 Nf6 3. Bg2 d5 4. cxd5 Nxd5 5. Nc3 Nb6 6. Nf3 Nc6 7. d3 Be7 8. 0-0 0-0 9. a3 a5 10. Be3 Be6 11. Rc1 Nd5 12. Nxd5 Bxd5 13. Bc5 Bd6 14. b4 axb4 15. axb4 Nxb4 16. Bxb4 Bxb4 17. Nxe5 Bxg2 18. Kxg2 Qd5+ 19. Nf3 c5 20. Kg1 h6 21. d4 c4 22. Qc2 b5 23. e4 Qd6 24. Rb1 Ra3 25. Qe2 Rfa8 26. e5 Qe7 27. d5 Ra2 28. Qe4 R8a3 29. Nd4 Bc5 30. Nxb5 Rxf2 31. Rxf2 Bxf2+ 32. Kxf2 Ra2+ 33. Kg1 Qc5+ 34. Qd4 Qc8 35. e6 fxe6 36. Nd6 Qa8 37. Rb7 Qf8 38. Rf7 Qxf7 39. Nxf7 Kxf7 40. Qf4+ Ke7 41. dxe6 c3 42. Qf7+ Kd6 43. Qd7+ Ke5 44. e7 1-0

[Event "GER-ch Net Amateur Gr-A Final"]
[Site "Playchess.com INT"]
[Date "2020.04.18"]
[Round "12"]
[White "Schwarz, Frank"]
[Black "Heinrichs, Paul"]
[Result "0-1"]
[WhiteElo "2033"]
[BlackElo "1938"]
[PlyCount "98"]
[EventDate "2020.04.18"]
[EventType "swiss (blitz)"]
[EventRounds "13"]
[EventCountry "GER"]
[SourceTitle "CBM 195 Extra"]
[Source "ChessBase"]
[SourceDate "2020.05.31"]
[SourceVersion "1"]
[SourceVersionDate "2020.05.31"]
[SourceQuality "1"]

1. d4 d5 2. Nf3 Nf6 3. e3 c5 4. Bd3 Nc6 5. c3 g6 6. Nbd2 Bg7 7. 0-0 0-0 8. h3 Nd7 9. Re1 e5 10. dxe5 Ndxe5 11. Nxe5 Nxe5 12. Bf1 b6 13. Nf3 Bb7 14. Nxe5 Bxe5 15. Qf3 Qe7 16. a4 Rad8 17. a5 Bb8 18. a6 Bc6 19. c4 Qc7 20. g3 d4 21. e4 f5 22. Bf4 Qc8 23. Bxb8 Qxb8 24. Bd3 fxe4 25. Qg4 exd3 26. Qe6+ Kg7 27. Qxc6 Qd6 28. Qe4 Qf6 29. Rf1 Qf5 30. Qc6 Rf7 31. Rad1 Qxh3 32. Rxd3 Qd7 33. Qe4 Re8 34. Qh4 Re2 35. g4 Rf4 36. Rg3 Rxb2 37. Qg5 Rf8 38. Qe5+ Kg8 39. g5 Qf7 40. f4 Re8 41. Qd6 Qe7 42. Qd5+ Qe6 43. Qf3 Qe2 44. Qd5+ Qe6 45. Qb7 Re7 46. Qa8+ Kg7 47. f5 gxf5 48. Rgf3 Qe2 49. Rh3 Qg4+ 0-1

[Event "GER-ch Net Amateur Gr-A Final"]
[Site "Playchess.com INT"]
[Date "2020.04.18"]
[Round "5"]
[White "Schwarz, Frank"]
[Black "Reichel, Jonathan"]
[Result "1-0"]
[WhiteElo "2033"]
[BlackElo "1971"]
[PlyCount "35"]
[EventDate "2020.04.18"]
[EventType "swiss (blitz)"]
[EventRounds "13"]
[EventCountry "GER"]
[SourceTitle "CBM 195 Extra"]
[Source "ChessBase"]
[SourceDate "2020.05.31"]
[SourceVersion "1"]
[SourceVersionDate "2020.05.31"]
[SourceQuality "1"]

1. e4 e5 2. Nf3 Nc6 3. d4 exd4 4. Nxd4 Nf6 5. Nc3 Bb4 6. Nxc6 bxc6 7. Bd3 d5 8. e5 Ng4 9. 0-0 0-0 10. Re1 f6 11. exf6 Qxf6 12. Rf1 Bc5 13. Be3 Nxe3 14. fxe3 Bxe3+ 15. Kh1 Qe7 16. Qh5 Rxf1+ 17. Rxf1 Bh6 18. Nxd5 1-0

[Event "GER-ch Net Amateur Gr-A Final"]
[Site "Playchess.com INT"]
[Date "2020.04.18"]
[Round "3"]
[White "Tiarks, Jann Christian"]
[Black "Schwarz, Frank"]
[Result "0-1"]
[WhiteElo "1957"]
[BlackElo "2033"]
[PlyCount "82"]
[EventDate "2020.04.18"]
[EventType "swiss (blitz)"]
[EventRounds "13"]
[EventCountry "GER"]
[SourceTitle "CBM 195 Extra"]
[Source "ChessBase"]
[SourceDate "2020.05.31"]
[SourceVersion "1"]
[SourceVersionDate "2020.05.31"]
[SourceQuality "1"]

1. e4 c5 2. Nc3 e6 3. g3 Nc6 4. Bg2 g6 5. Nge2 Bg7 6. d3 d6 7. Be3 Nd4 8. Qd2 h5 9. 0-0-0 Ne7 10. Kb1 Bd7 11. f4 Qc7 12. Rhf1 f5 13. Rde1 Rc8 14. Bg1 Bc6 15. Nc1 0-0 16. h3 b5 17. g4 b4 18. N3e2 Nb5 19. d4 fxe4 20. gxh5 Nf5 21. Bh1 cxd4 22. Qxb4 a5 23. Qc4 Qd7 24. hxg6 Bd5 25. Qa4 Rc4 26. Qxa5 Ra8 27. Qb6 Rb4 28. Ka1 d3 29. Nc3 d2 30. Nb3 dxe1Q+ 31. Rxe1 Bxb3 32. cxb3 d5 33. Bc5 Rxb3 34. a3 Bxc3 35. bxc3 Raxa3+ 36. Bxa3 Rxa3+ 37. Kb2 Rxc3 38. Qb8+ Rc8 39. Qe5 Qe7 40. Rxe4 Qa3+ 41. Kb1 Rc1# 0-1

[Event "GER-ch Net blitz qual5"]
[Site "Playchess.com INT"]
[Date "2020.03.28"]
[Round "4"]
[White "Reichmann, Hendrik"]
[Black "Schwarz, Frank"]
[Result "1-0"]
[WhiteElo "2344"]
[BlackElo "2233"]
[PlyCount "91"]
[EventDate "2020.03.28"]
[EventType "swiss (blitz)"]
[EventRounds "13"]
[EventCountry "GER"]
[SourceTitle "CBM 195 Extra"]
[Source "ChessBase"]
[SourceDate "2020.05.31"]
[SourceVersion "1"]
[SourceVersionDate "2020.05.31"]
[SourceQuality "1"]

1. c4 e5 2. g3 Bc5 3. Bg2 d6 4. Nc3 a6 5. e3 Nc6 6. Nge2 Ba7 7. 0-0 Nge7 8. b3 0-0 9. Bb2 Be6 10. f4 f6 11. Nd5 Rb8 12. a4 Qd7 13. Nec3 Bh3 14. Bxh3 Qxh3 15. Nxc7 Nb4 16. Qe2 Qf5 17. N7d5 Nexd5 18. Nxd5 Qd3 19. Qxd3 Nxd3 20. Bc3 Nc5 21. Rfb1 Rfd8 22. Ba5 b6 23. Bc3 Ne4 24. Ne7+ Kf7 25. Nc6 Nxc3 26. dxc3 Rd7 27. Nxb8 Bxb8 28. Rd1 Ke6 29. Rd5 Bc7 30. Rad1 g5 31. Kf2 h5 32. h3 h4 33. g4 gxf4 34. exf4 exf4 35. Kf3 Kf7 36. Kxf4 Re7 37. Rh5 Kg7 38. Rdd5 Re1 39. g5 Rf1+ 40. Ke3 f5 41. Rxh4 Kg6 42. Rh6+ Kxg5 43. Rh7 Bd8 44. Rxd6 Bf6 45. h4+ Kg6 46. Rb7 1-0

[Event "GER-ch Net blitz qual5"]
[Site "Playchess.com INT"]
[Date "2020.03.28"]
[Round "2"]
[White "Schwarz, Frank"]
[Black "Zelbel, Patrick"]
[Result "0-1"]
[WhiteElo "2233"]
[BlackElo "2446"]
[PlyCount "56"]
[EventDate "2020.03.28"]
[EventType "swiss (blitz)"]
[EventRounds "13"]
[EventCountry "GER"]
[SourceTitle "CBM 195 Extra"]
[Source "ChessBase"]
[SourceDate "2020.05.31"]
[SourceVersion "1"]
[SourceVersionDate "2020.05.31"]
[SourceQuality "1"]

1. c4 c5 2. g3 g6 3. Bg2 Bg7 4. e3 Nc6 5. Ne2 e6 6. Nbc3 Nge7 7. a3 d5 8. cxd5 exd5 9. d4 cxd4 10. exd4 0-0 11. 0-0 Be6 12. Be3 Nf5 13. Qd2 Re8 14. Rad1 Na5 15. Qd3 Rc8 16. Bc1 Qd7 17. Qb5 Nc6 18. Rfe1 a6 19. Qa4 b5 20. Qxa6 Ncxd4 21. Nxd4 Nxd4 22. Be3 Ra8 23. Qb6 Rab8 24. Qa5 Nc2 25. Re2 Nxe3 26. fxe3 d4 27. exd4 Bxd4+ 28. Kh1 Bxc3 0-1

[Event "GER-ch Net blitz qual4"]
[Site "Playchess.com INT"]
[Date "2020.03.23"]
[Round "3"]
[White "Schwarz, Frank"]
[Black "Kollars, Dmitrij"]
[Result "0-1"]
[WhiteElo "2233"]
[BlackElo "2592"]
[PlyCount "88"]
[EventDate "2020.03.23"]
[EventType "swiss (blitz)"]
[EventRounds "9"]
[EventCountry "GER"]
[SourceTitle "CBM 195 Extra"]
[Source "ChessBase"]
[SourceDate "2020.05.31"]
[SourceVersion "1"]
[SourceVersionDate "2020.05.31"]
[SourceQuality "1"]

1. c4 e5 2. g3 c6 3. Nf3 e4 4. Nd4 d5 5. d3 Nf6 6. Bg2 dxc4 7. dxe4 Bc5 8. e3 0-0 9. 0-0 Nbd7 10. f4 Nb6 11. Nc3 Re8 12. h3 Qe7 13. Kh2 Bd7 14. Bd2 Rad8 15. e5 Nfd5 16. Ne4 Bc8 17. Qh5 Nxe3 18. Bxe3 Bxd4 19. Bxd4 Rxd4 20. Rad1 Red8 21. Rxd4 Rxd4 22. Ng5 Bf5 23. Nf3 Bg6 24. Qg4 h5 25. Qh4 Qxh4 26. Nxh4 Rd2 27. f5 Bh7 28. Re1 Nd5 29. g4 hxg4 30. hxg4 Rxb2 31. Kg3 c3 32. Bxd5 cxd5 33. e6 fxe6 34. Rxe6 Kf7 35. Nf3 Bxf5 36. gxf5 c2 37. Ne5+ Kg8 38. Ng6 Kf7 39. Re7+ Kf6 40. Kf4 Rb4+ 41. Kf3 c1Q 42. Re6+ Kxf5 43. Ne7+ Kxe6 44. Nf5 Kxf5 0-1

[Event "GER-ch Net blitz qual4"]
[Site "Playchess.com INT"]
[Date "2020.03.23"]
[Round "9"]
[White "Schwarz, Frank"]
[Black "Stork, Oliver"]
[Result "0-1"]
[WhiteElo "2233"]
[BlackElo "2367"]
[PlyCount "60"]
[EventDate "2020.03.23"]
[EventType "swiss (blitz)"]
[EventRounds "9"]
[EventCountry "GER"]
[SourceTitle "CBM 195 Extra"]
[Source "ChessBase"]
[SourceDate "2020.05.31"]
[SourceVersion "1"]
[SourceVersionDate "2020.05.31"]
[SourceQuality "1"]

1. c4 Nf6 2. g3 g6 3. Bg2 Bg7 4. Nc3 0-0 5. e4 c5 6. Nge2 Nc6 7. d3 d6 8. h3 Rb8 9. 0-0 a6 10. f4 Ne8 11. a3 b5 12. cxb5 axb5 13. Be3 Nc7 14. d4 cxd4 15. Nxd4 Nxd4 16. Bxd4 Bxd4+ 17. Qxd4 Ne6 18. Qd2 b4 19. axb4 Rxb4 20. f5 Qb6+ 21. Rf2 Rd4 22. Qh6 Nc7 23. fxg6 hxg6 24. Raf1 Ba6 25. Re1 Rb4 26. Qd2 Rb8 27. Qf4 Bc4 28. Nd5 Bxd5 29. Qg5 Rxb2 30. Ref1 Bc4 0-1

[Event "GER-ch Net blitz qual3"]
[Site "Playchess.com INT"]
[Date "2020.03.21"]
[Round "7"]
[White "Laux, Dominik"]
[Black "Schwarz, Frank"]
[Result "0-1"]
[WhiteElo "2009"]
[BlackElo "2233"]
[PlyCount "54"]
[EventDate "2020.03.21"]
[EventType "swiss (blitz)"]
[EventRounds "9"]
[EventCountry "GER"]
[SourceTitle "CBM 195 Extra"]
[Source "ChessBase"]
[SourceDate "2020.05.31"]
[SourceVersion "1"]
[SourceVersionDate "2020.05.31"]
[SourceQuality "1"]

1. d4 Nf6 2. Bg5 e6 3. Nd2 d5 4. e3 Be7 5. Bd3 b5 6. Bxb5+ c6 7. Bd3 Qb6 8. Rb1 0-0 9. Ngf3 c5 10. c3 Nc6 11. 0-0 Ba6 12. Bxa6 Qxa6 13. Ne5 Rac8 14. a3 Rfe8 15. f4 g6 16. Bxf6 Bxf6 17. Nd7 Be7 18. Nxc5 Bxc5 19. dxc5 e5 20. a4 Qd3 21. Rf3 exf4 22. exf4 Qf5 23. b4 d4 24. b5 dxc3 25. Rxc3 Nd4 26. Nc4 Ne2+ 27. Kh1 Nxc3 0-1